Good practices in health financing : (Record no. 60178)
[ view plain ]
| 000 -LEADER | |
|---|---|
| fixed length control field | 01488nam a2200385 a 4500 |
| 001 - CONTROL NUMBER | |
| control field | 60178 |
| 003 - CONTROL NUMBER IDENTIFIER | |
| rucl marc code | BD-RJUL |
| 005 - DATE AND TIME OF LATEST TRANSACTION | |
| control field | 20211209080818.0 |
| 008 - FIXED-LENGTH DATA ELEMENTS--GENERAL INFORMATION | |
| fixed length control field | 161228s2008 dcua bs i001 0 eng |
| 020 ## - INTERNATIONAL STANDARD BOOK NUMBER | |
| International Standard Book Number | 9780821375112 (alk. paper) |
| International Standard Book Number | 9780821375129 (ebook : alk. paper) |
| 035 ## - SYSTEM CONTROL NUMBER | |
| System control number | BD-RJUL 60302 |
| System control number | (DLC)2008008389 |
| System control number | (DNLM)101466794 |
| System control number | 15193947 |
| 040 ## - CATALOGING SOURCE | |
| Original cataloging agency | DNLM/DLC |
| Transcribing agency | DLC |
| Modifying agency | DLC |
| Language of cataloging | eng |
| 041 ## - LANGUAGE CODE | |
| Language code of text/sound track or separate title | eng |
| 060 10 - NATIONAL LIBRARY OF MEDICINE CALL NUMBER | |
| Classification number | WA 530.1 |
| Item number | G646 2008 |
| 082 00 - DEWEY DECIMAL CLASSIFICATION NUMBER | |
| Classification number | 362.104252091724 |
| Edition number | 22 |
| Author mark and year | GOO 2008 |
| 245 00 - TITLE STATEMENT | |
| Title | Good practices in health financing : |
| Remainder of title | lessons from reforms in low and middle-income countries / |
| Statement of responsibility, etc. | Pablo Gottret, George J. Schieber, and Hugh R. Waters, editors. |
| 260 ## - PUBLICATION, DISTRIBUTION, ETC. (IMPRINT) | |
| Place of publication, distribution, etc. | Washington, DC : |
| Name of publisher, distributor, etc. | World Bank, |
| Date of publication, distribution, etc. | c2008. |
| 300 ## - PHYSICAL DESCRIPTION | |
| Pagination | xxiv, 504 p. : |
| Illustrations | ill ; |
| Size | 23cm. |
| 504 ## - BIBLIOGRAPHY, ETC. NOTE | |
| Bibliography, etc | Includes bibliographical references and index. |
| 650 #0 - SUBJECT ADDED ENTRY--TOPICAL TERM | |
| Topical term or geographic name as entry element | Medical care |
| Geographic subdivision | Developing countries |
| General subdivision | Finance. |
| 9 (RLIN) | 179164 |
| Topical term or geographic name as entry element | Health care reform |
| General subdivision | Economic aspects |
| Geographic subdivision | Developing countries |
| 9 (RLIN) | 179165 |
| Topical term or geographic name as entry element | Medical policy |
| General subdivision | Economic aspects |
| Geographic subdivision | Developing countries. |
| 9 (RLIN) | 179166 |
| Topical term or geographic name as entry element | Medical care, Cost of |
| Geographic subdivision | Developing countries. |
| 9 (RLIN) | 179167 |
| Topical term or geographic name as entry element | Health status indicators |
| Geographic subdivision | Developing countries. |
| 9 (RLIN) | 179168 |
| 700 1# - ADDED ENTRY--PERSONAL NAME | |
| Personal name | Gottret, Pablo E. |
| Fuller form of name | (Pablo Enrique), |
| Dates associated with a name | 1959- |
| Personal name | Schieber, George. |
| Personal name | Waters, Hugh. |
| 710 2# - ADDED ENTRY--CORPORATE NAME | |
| Corporate name or jurisdiction name as entry element | World Bank. |
| 9 (RLIN) | 171728 |
| 942 ## - ADDED ENTRY ELEMENTS (KOHA) | |
| Source of classification or shelving scheme | Dewey Decimal Classification |
| Koha item type | Books |
| Lost status | Source of classification or shelving scheme | Damaged status | Not for loan | Collection code | Permanent Location | Current Location | Shelving location | Date acquired | Source of acquisition | Cost, normal purchase price | Total Checkouts | Full call number | Date last seen | Copy number | Koha item type |
|---|---|---|---|---|---|---|---|---|---|---|---|---|---|---|---|
| Dewey Decimal Classification | Not For Loan | Non-fiction | Central Library, University of Rajshahi | Central Library, University of Rajshahi | Reading Room | 14/05/2009 | Dhaka, MIDAS | 49.95 | 362.1091724 GOO 2008 | 28/12/2016 | C-1 | Books |